000 00594nam a22001817a 4500
999 _c13851
_d13851
003 MIRAKIL
005 20200728120003.0
008 200728b tu ||||| |||| 00| 0 tur d
040 _aTR-AnCHP
_btur
_cTR-AnCHP
082 _aATA 923.1561
_bA72 1981
245 _aMustafa Kemal'i anlamak/
_cHazırlayan Fahrünnisa Kadıbeşegil
260 _aAnkara:
_bOluşum,
_c1981.
_fOlgaç Matbaası.
300 _a157 s.:
_bfotg.;
_c18 sm.
504 _aKaynakça bölüm sonlarındadır.
600 _aAtatürk, Mustafa Kemal
_d1881-1938
700 _96336
_aKadıbeşegül, Fahrunnisa
_ehaz.
942 _cBKS